000 01195cam a22002413a 4500
001 6724
003 PGUSA
005 20140828083136.0
008 041001s2004||||xxu|||||s|||||000 | eng d
040 _aPGUSA
_beng
042 _adc
050 4 _aPT
100 1 _aArndt, Ernst Moritz,
_d1769-1860
245 1 0 _aKater Martinchen
_h[electronic resource] /
_cErnst Moritz Arndt
260 _bProject Gutenberg,
_c2004
505 0 _aGeschichte von den sieben bunten Mäusen -- Prinzessin Svanvithe -- Der Riese Balderich -- Die Unterirdischen in den Neun Bergen bei Rambin -- Abenteuer des Johann Dietrich -- Das Silberglöckchen -- Der gläserne Schuh -- Der Alte von Granitz -- Der Falscheid -- Rattenkönig Birlibi -- Das brennende Geld -- Kater Martinchen -- Thrin Wulfen -- De Kröger van Poseritz -- De Brügg bi Slemmin -- Schipper Gau un sin Puk -- De witte Fru to Löbnitz -- De Prester un de Düwel -- De Wewer un de Steen -- Die alte Burg bei Löbnitz -- Der Rabenstein
506 _aPublic domain in the USA.
516 _aElectronic text
653 _aFairy tales -- Germany
830 0 _aProject Gutenberg
_v6724
856 4 0 _uhttp://www.gutenberg.org/ebooks/6724
942 _cEB
999 _c236044
_d236044